| 000 | 01025cab a22001935a 4500 | ||
|---|---|---|---|
| 001 | L156566 | ||
| 008 | 120611e2012 xxk 000 0 eng d | ||
| 035 | _a(Sirsi) u156566 | ||
| 041 | 0 | _aeng | |
| 100 | 1 | _aLjubic, Philip | |
| 245 | 0 | 2 | _aA weak but stable second half |
| 260 | _c2012 | ||
| 490 | 0 |
_aProperty Week _v78(22) 1 June 2012, 40(1) |
|
| 520 | _aProperty derivative pricing has followed a downward trend over the last 18 months but has recently been largely stable. Although 2012 is expected to be a weak year for UK commercial property it may perform relatively well in comparison with other asset classes because: the market is not oversupplied; real estate yields are providing a large spread over government bonds; outflows from retail funds are low; a low Sterling exchange rate; and the historical performance. Graphics cover property derivative pricing and UK commercial property capital value growth. | ||
| 590 | _aKA | ||
| 651 | 4 | _aUnited Kingdom | |
| 690 |
_aCommercial property _96227 |
||
| 942 | _n0 | ||
| 999 |
_c84083 _d84083 |
||